000 00751nam a2200265Ia 4500
001 16403
003 GE_BSU
008 181216s||||||||xx |||||||||||||| ||und||
020 _a9781315816814((ebk)
040 _cGE_BSU
080 _a355.03
100 _aPeter Hough, Shahin Malik, Andrew Moran, Bruce Pilbeam
245 _aInternational Security Studies
245 _bTheory and Practice
260 _aLondon And New York
260 _bRoutledge:Taylor & Francis Group
260 _c2015
300 _a492 p; ill,24cm
300 _ebibliogr.:p.449-472
541 _h159gel.
653 _aHISTORY , Military , Other
653 _aInternational Security Studies
653 _aსამხედრო,ისტორია
942 _cBK
999 _c49479
_d49479